书目信息 |
| 题名: |
微生物学
|
|
| 作者: | 李榆梅 主编 | |
| 分册: | ||
| 出版信息: | 中国医药科 2001.01 |
|
| 页数: | 248页 | |
| 开本: | 20cm | |
| 丛书名: | 全国普通医药中专教材 | |
| 单 册: | ||
| 中图分类: | Q93-43 | |
| 科图分类: | ||
| 主题词: | 微生物学 | |
| 电子资源: | ||
| ISBN: | 978-7-5067-2110-3 | |
| 000 | 00702nam0 2200253 45 | |
| 001 | 0943113313 | |
| 005 | 20091012120005.84 | |
| 010 | @a978-7-5067-2110-3@dCNY26.00 | |
| 100 | @a20090515d2001 ekmy0 y0120 ea | |
| 102 | @aCN@b130000 | |
| 102 | @aCN@b110000 | |
| 105 | @ay z 000yy | |
| 200 | 1 | @a微生物学@Awei sheng wu xue@f李榆梅主编@Fli yu mei zhu bian |
| 210 | @c中国医药科@d2001.01 | |
| 210 | @a北京@c中国医药科技出版社 | |
| 215 | @a248页@d20cm | |
| 225 | 2 | @a全国普通医药中专教材 |
| 410 | 0 | @12001 @a全国普通医药中专教材 |
| 606 | 0 | @a微生物学 |
| 690 | @aQ93-43@v4 | |
| 701 | 0 | @a李榆梅@Ali yu mei@4主编 |
| 801 | 0 | @aCN@c20091012 |
| 905 | @a10447@dQ93-43@eL324 | |
| 906 | @d26@n2@r1 | |
| 微生物学/李榆梅主编.-中国医药科,2001.01.-北京:中国医药科技出版社 |
| 248页;20cm.-(全国普通医药中专教材) |
| ISBN 978-7-5067-2110-3:CNY26.00 |
| ● |
| 相关链接 |
|
|
|
正题名:微生物学
索取号:Q93-43/L324
 
预约/预借
| 序号 | 登录号 | 条形码 | 馆藏地/架位号 | 状态 | 备注 |
| 1 | 892113 | 208921130 | 自科库401/401自科库 33排3列4层/ [索取号:Q93-43/L324] | 在馆 | |
| 2 | 892114 | 208921149 | 自科库401/401自科库 33排3列4层/ [索取号:Q93-43/L324] | 在馆 |